|
|
|
|
| LEADER |
00000nam a2200000 a 4500 |
| 001 |
vtls008167068 |
| 003 |
SK-MaSNL |
| 005 |
20260302074034.0 |
| 008 |
240318s1993 xo 000 0 slo |
| 020 |
|
|
|a 8085185466
|
| 035 |
|
|
|a SPKKN3517
|
| 040 |
|
|
|a SNK
|b slo
|c SNK
|e AACR2
|
| 041 |
|
|
|a slo
|
| 044 |
|
|
|a xo
|c SK
|
| 080 |
|
|
|a 82-1
|2 1981
|
| 100 |
1 |
|
|a Gajdošová, Magdaléna
|4 aut
|9 604147
|
| 245 |
1 |
0 |
|a Svetová dramatická tvorba.
|c Magdaléna Gajdošová; Katarína Šatková, Rudolf Trutz
|
| 250 |
|
|
|a 1. vyd.
|
| 260 |
|
|
|a Bratislava
|b Metodické centrum v Bratislave
|c 1993
|
| 300 |
|
|
|a 39 s.
|
| 655 |
|
7 |
|a zbierky
|2 SNK
|9 70533
|
| 700 |
1 |
1 |
|a Šatková, Katarína
|9 376216
|
| 700 |
1 |
1 |
|a Trutz, Rudolf
|9 245385
|
| 918 |
|
|
|a 80-85185-46-6
|
| 999 |
|
|
|c 1163377
|d 1165307
|
| 952 |
|
|
|t P60, <04>, [BOOK], {604}
|a SNK
|b SNK
|y VYP
|7 0
|p 17A0243767
|o snkSC 86134 D1
|0 0
|1 0
|4 0
|d 2000-07-01
|l 0
|r 2004-12-31 00:00:00
|w 2026-02-24
|